Tình hình chấp hành quy chế nhà trường của sinh viên Trường Đại học Thủ Dầu Một hiện nay
Cơ quan chủ trì: Đại học Thủ Dầu Một; Đề tài NCKH sinh viên khoa Công tác xã hội
Tallennettuna:
| Päätekijä: | |
|---|---|
| Aineistotyyppi: | Kirja |
| Kieli: | Undetermined |
| Julkaistu: |
Bình Dương
2015
|
| Aiheet: | |
| Linkit: | http://lrc.tdmu.edu.vn/opac/search/detail.asp?aID=2&ID=37105 |
| Tagit: |
Lisää tagi
Ei tageja, Lisää ensimmäinen tagi!
|
| Thư viện lưu trữ: | Trung tâm Học liệu Trường Đại học Thủ Dầu Một |
|---|
| LEADER | 00934nam a2200181Ia 4500 | ||
|---|---|---|---|
| 001 | TDMU_37105 | ||
| 008 | 210410s9999 xx 000 0 und d | ||
| 082 | |a 658.45 | ||
| 090 | |b H551 | ||
| 100 | |a Hứa, Trọng Duy | ||
| 245 | 0 | |a Tình hình chấp hành quy chế nhà trường của sinh viên Trường Đại học Thủ Dầu Một hiện nay | |
| 245 | 0 | |c Hứa Trọng Duy; ThS. Nguyễn Thị Hồng Thắm (hướng dẫn) | |
| 260 | |a Bình Dương | ||
| 260 | |c 2015 | ||
| 520 | |a Cơ quan chủ trì: Đại học Thủ Dầu Một; Đề tài NCKH sinh viên khoa Công tác xã hội | ||
| 650 | |a Báo cáo khoa học; Quy chế nhà trường |x Chấp hành |x Sinh viên |z Đại học Thủ Dầu Một | ||
| 856 | |u http://lrc.tdmu.edu.vn/opac/search/detail.asp?aID=2&ID=37105 | ||
| 980 | |a Trung tâm Học liệu Trường Đại học Thủ Dầu Một | ||